Statistics for 1992 year quiz

Click here to take the quiz!

General Stats

  • This quiz has been taken 80 times
  • The average score is 5 of 10

Answer Stats

HintAnswer% Correct
A European war starts as this state splits upYugoslavia
84%
A UN convention is agreed to tackle this global dangerClimate change
74%
This UK man splits from his wife, causing global headlinesPrince Charles
70%
Los Angeles police acquitted of beating up this man, triggering riotsRodney King
63%
Surprise win for this nation in the European soccer championshipsDenmark
47%
Two deadbeats party on in this excellent hit comedyWayne's World
40%
A treaty signed in Maastrich creates thisThe European Union
38%
This German singer and star of early cinema diesMarlene Dietrich
34%
This future Star Wars lead is born in LondonDaisy Ridley
23%
The army cancels an election Islamists were poised to win, starting war in this countryAlgeria
10%

Score Distribution

Percentile by Number Answered

Percent of People with Each Score

Your Score History

You have not taken this quiz